[Event "GP"]
[Site "Aix-En-Provence FRA"]
[Date "2004.12.09"]
[Round "1.1"]
[White "Karpov,Ana"]
[Black "Flear,G"]
[Result "1/2-1/2"]
[WhiteElo "2682"]
[BlackElo "2457"]
[EventDate "2004.12.08"]

1. d4 d5 2. c4 e6 3. Nf3 Nf6 4. e3 Be7 5. Nc3 O-O 6. Bd3 dxc4 7. Bxc4 c5 8.
O-O a6 9. dxc5 Qxd1 10. Rxd1 Bxc5 11. Ne5 Nbd7 12. Nd3 Be7 13. f3 b5 14.
Bb3 Bb7 15. e4 Nc5 16. Nxc5 Bxc5+ 17. Kf1 Rfd8 18. Bf4 Kf8 19. Bc7 Rxd1+
20. Rxd1 Rc8 21. Ba5 Ke7 22. Ne2 g5 23. Bd2 Rg8 24. a3 g4 25. Rc1 Bd6 26.
Bb4 Nd7 27. Rc7 gxf3 28. gxf3 Bxb4 29. axb4 Rb8 30. Nf4 Kd6 31. Rc3 Ne5 32.
Kf2 Rc8 33. Ke3 Rg8 34. Rc2 Rg1 35. Nd3 Nxd3 36. Kxd3 f5 37. Rc5 fxe4+ 38.
fxe4 e5 39. Bd5 Bxd5 40. Rxd5+ Ke6 41. Rc5 Kd6 42. Rd5+ Ke6 {Game may not
be fully correct towards the end} 1/2-1/2

[Event "GP"]
[Site "Aix-En-Provence FRA"]
[Date "2004.12.10"]
[Round "2.2"]
[White "Kazhgaleyev,M"]
[Black "Karpov,Ana"]
[Result "1/2-1/2"]
[WhiteElo "2607"]
[BlackElo "2682"]
[EventDate "2004.12.08"]

1. d4 Nf6 2. c4 e6 3. Nf3 b6 4. a3 Bb7 5. Nc3 d5 6. cxd5 Nxd5 7. Qc2 Nxc3
8. bxc3 Be7 9. e4 O-O 10. Bd3 c5 11. O-O Qc8 12. Qe2 Ba6 13. Rd1 cxd4 14.
cxd4 Bxd3 15. Rxd3 Nd7 16. e5 Re8 17. Bg5 Nf8 18. h4 h6 19. Be3 Qb7 20. h5
Rac8 21. Nd2 Nh7 22. Qg4 Kh8 23. Rd1 Qd5 24. Bf4 Bg5 25. Bxg5 Nxg5 26. f3
Qb5 27. Nf1 Rc1 28. f4 Ne4 29. Qf3 Rxd1 30. Rxd1 f5 31. Ne3 Nc3 32. Rd2 Rd8
33. Nxf5 Qb1+ 34. Kh2 Qxf5 35. Qxc3 Qxf4+ 36. Kg1 Qg5 37. Rf2 Qxh5 38. Rf3
Qg4 39. Rd3 Qe4 40. Rd1 Kh7 41. Qc4 1/2-1/2

[Event "GP"]
[Site "Aix-En-Provence FRA"]
[Date "2004.12.11"]
[Round "3.1"]
[White "Kazhgaleyev,M"]
[Black "Lautier,J"]
[Result "1-0"]
[WhiteElo "2607"]
[BlackElo "2682"]
[EventDate "2004.12.08"]

1. d4 d5 2. c4 e6 3. Nc3 c6 4. e3 Nf6 5. Nf3 Nbd7 6. Bd3 dxc4 7. Bxc4 b5 8.
Bb3 b4 9. Ne2 Bd6 10. Ng3 Bb7 11. e4 Bxg3 12. hxg3 Nxe4 13. Qc2 c5 14. Rh4
c4 15. Ba4 Nef6 16. Ne5 Qa5 17. Nxc4 Qd5 18. Bf4 O-O 19. Ne3 Qa5 20. Nc4
Qd5 21. Bxd7 Qxd7 22. Be5 Rfc8 23. Bxf6 gxf6 24. Qxh7+ Kf8 25. Ne3 Ke7 26.
d5 Bxd5 27. Rd1 Rc5 28. Rxb4 Qc6 29. Rbd4 Rd8 30. Qd3 a5 31. Qa3 Ke8 32.
Qa4 Qxa4 33. Rxa4 Bc6 34. Rxd8+ Kxd8 35. Rc4 Rxc4 36. Nxc4 Bd5 37. b3 a4
38. f3 axb3 39. axb3 Kc7 40. Kd2 Kc6 41. Kc3 Kc5 42. b4+ Kc6 43. Ne3 Ba2
44. Kb2 Bd5 45. g4 1-0

[Event "GP"]
[Site "Aix-En-Provence FRA"]
[Date "2004.12.11"]
[Round "3.4"]
[White "Lautier,J"]
[Black "Kazhgaleyev,M"]
[Result "0-1"]
[WhiteElo "2682"]
[BlackElo "2607"]
[EventDate "2004.12.08"]

1. d4 Nf6 2. c4 g6 3. Nc3 Bg7 4. e4 d6 5. f3 O-O 6. Be3 c5 7. Nge2 Nc6 8.
d5 Ne5 9. Ng3 e6 10. Be2 exd5 11. cxd5 h5 12. O-O a6 13. a4 h4 14. Nh1 Nh7
15. Nf2 f5 16. Qd2 Bd7 17. exf5 gxf5 18. Nh3 Ng6 19. f4 Re8 20. Bf2 Nf6 21.
Ng5 Bh6 22. h3 Qe7 23. Bc4 Qg7 24. Be3 Rad8 25. Rae1 Kh8 26. Ba2 Rxe3 27.
Qxe3 Nxf4 28. Qxf4 Bxg5 29. Qxd6 Rg8 30. Re2 Nh5 31. Rf3 Bf6 32. Bb1 Ng3
33. Rxg3 hxg3 34. Kh1 Rf8 35. Qf4 Kg8 36. Re3 Bg5 37. Qf3 Bxe3 38. Qxe3 f4
39. Qf3 Qe5 40. Be4 Bf5 41. Qh5 Rf6 42. Qg5+ Kf8 43. d6 Rxd6 44. Qxf5+ Qxf5
45. Bxf5 Rd2 46. h4 Rxb2 47. Bg4 Rc2 48. Nd1 c4 49. Kg1 c3 50. Kf1 Rc1 51.
Ke1 c2 52. Kd2 Ra1 53. Kc3 Ra2 54. Kd3 0-1

[Event "GP"]
[Site "Aix-En-Provence FRA"]
[Date "2004.12.11"]
[Round "3.2"]
[White "Istratescu,A"]
[Black "Karpov,Ana"]
[Result "1/2-1/2"]
[WhiteElo "2611"]
[BlackElo "2682"]
[EventDate "2004.12.08"]

1. e4 c6 2. d4 d5 3. e5 Bf5 4. Nf3 e6 5. Be2 Ne7 6. O-O h6 7. b3 a5 8. Ba3
Ng6 9. Bxf8 Nxf8 10. c4 Ng6 11. Qd2 Bg4 12. Qe3 Bxf3 13. Bxf3 Nh4 14. Bg4
Qg5 15. Qg3 Nd7 16. Nc3 Qe7 17. cxd5 cxd5 18. Rac1 Rd8 19. Nb5 O-O 20. Rc7
Rc8 21. Rxb7 Rb8 22. Nd6 {Game incomplete} 1/2-1/2